000 00443nam a2200181Ia 4500
001 22309
005 20260414150823.0
008 260414t2012||||xx |||||||||||||| ||spa||
041 _aESP
082 _a621.317
_bB17
100 _aBalcells, Josep
_eAUT
245 0 _aEficiencia en el uso de la energía eléctrica
_b
260 _c2012
300 _a333 páginas :
_c25 cm.
650 _aTCA
654 _aCET
942 _cLIB
_dJUS
_fJUS
_2ddc
_n
999 _c22309
_d22309